[Event "Krefeld op"]
[Site "Krefeld"]
[Date "2023.08.06"]
[Round "9"]
[White "Esser, Daniel"]
[Black "Wiedenbruch, Silke"]
[Result "1-0"]
[WhiteElo "1364"]
[BlackElo "1201"]
[PlyCount "109"]
[EventDate "2023.08.02"]
[EventType "swiss"]
[EventRounds "9"]
[EventCountry "GER"]
[SourceTitle "CBM 215 Extra"]
[Source "ChessBase"]
[SourceDate "2023.09.30"]
[SourceVersion "1"]
[SourceVersionDate "2023.09.30"]
[SourceQuality "1"]

1. e4 c5 2. c3 d6 3. d4 Nd7 4. Bf4 cxd4 5. cxd4 e6 6. Nc3 Qa5 7. Bd3 e5 8. dxe5 dxe5 9. Bd2 Qb6 10. Nd5 Qd6 11. Rc1 Nc5 12. Qf3 Bd7 13. Bb4 b6 14. Bxc5 bxc5 15. Ne2 Rc8 16. Bc4 Nf6 17. Rd1 Qc6 18. Nxf6+ Qxf6 19. Qxf6 gxf6 20. Bxf7+ Ke7 21. Bc4 Bh6 22. 0-0 Rhd8 23. Nc3 Bg7 24. f4 Be6 25. Bxe6 Kxe6 26. f5+ Kf7 27. Rxd8 Rxd8 28. Rd1 Rxd1+ 29. Nxd1 Bf8 30. Kf2 Ke7 31. Nc3 Kd6 32. Nd5 Bg7 33. Ke3 c4 34. b3 Kc5 35. Kd2 cxb3 36. axb3 Kd4 37. Nc3 Bh6+ 38. Kc2 a5 39. g4 Bf8 40. Nd5 Kxe4 41. Nxf6+ Kf3 42. Kd3 h6 43. h3 Bg7 44. Ne4 Bf8 45. f6 Bb4 46. g5 hxg5 47. Nxg5+ Kf4 48. Nh7 Kf3 49. Ng5+ Kf4 50. h4 Kf5 51. f7 Bf8 52. Nh7 Bh6 53. f8Q+ Bxf8 54. Nxf8 e4+ 55. Ke3 1-0

[Event "Krefeld op"]
[Site "Krefeld"]
[Date "2023.08.05"]
[Round "7"]
[White "Kosubek, Sven"]
[Black "Wiedenbruch, Silke"]
[Result "1/2-1/2"]
[WhiteElo "1567"]
[BlackElo "1201"]
[PlyCount "61"]
[EventDate "2023.08.02"]
[EventType "swiss"]
[EventRounds "9"]
[EventCountry "GER"]
[SourceTitle "CBM 215 Extra"]
[Source "ChessBase"]
[SourceDate "2023.09.30"]
[SourceVersion "1"]
[SourceVersionDate "2023.09.30"]
[SourceQuality "1"]

1. d4 d5 2. c4 e6 3. Nc3 Nf6 4. cxd5 exd5 5. Bg5 Bb4 6. Qc2 Be6 7. e3 0-0 8. Bd3 g6 9. Nf3 Nbd7 10. 0-0 a6 11. a3 Bd6 12. e4 dxe4 13. Nxe4 Be7 14. h3 c6 15. Nc5 Nxc5 16. dxc5 Nd5 17. Bxe7 Qxe7 18. Rfe1 Nf4 19. Bf1 Qc7 20. Nd4 Bd5 21. g3 Nh5 22. Re3 Ng7 23. Rae1 Rfe8 24. Qc3 Rad8 25. b4 Qc8 26. Kh2 Rxe3 27. Rxe3 Re8 28. Bg2 Rxe3 29. Qxe3 Bxg2 30. Kxg2 Nf5 31. Nxf5 1/2-1/2

[Event "Krefeld op"]
[Site "Krefeld"]
[Date "2023.08.02"]
[Round "1"]
[White "Koehn Hevernick, Max"]
[Black "Wiedenbruch, Silke"]
[Result "1-0"]
[WhiteElo "1740"]
[BlackElo "1201"]
[PlyCount "69"]
[EventDate "2023.08.02"]
[EventType "swiss"]
[EventRounds "9"]
[EventCountry "GER"]
[SourceTitle "CBM 215 Extra"]
[Source "ChessBase"]
[SourceDate "2023.09.30"]
[SourceVersion "1"]
[SourceVersionDate "2023.09.30"]
[SourceQuality "1"]

1. e4 c5 2. Nf3 d6 3. c3 Nf6 4. Be2 e6 5. 0-0 Be7 6. Re1 Nc6 7. Bf1 e5 8. d4 cxd4 9. cxd4 0-0 10. d5 Nb4 11. a3 Na6 12. Bxa6 bxa6 13. Nc3 Bg4 14. h3 Bh5 15. Qd3 Qb6 16. Be3 Qb7 17. Nd2 Bg6 18. f3 h6 19. b4 Bd8 20. Nc4 Qb8 21. Ne2 Bb6 22. Nc1 Bxe3+ 23. Qxe3 Qc7 24. Na5 Qb6 25. Ncb3 Qxe3+ 26. Rxe3 Rfc8 27. Nc6 Rc7 28. Rc1 Kh8 29. Rec3 Ne8 30. Nxe5 Rxc3 31. Nxg6+ fxg6 32. Rxc3 Rb8 33. Rc6 a5 34. Nxa5 Kh7 35. Nc4 1-0

[Event "GER-ch Net Amateur Gr-C Vor2"]
[Site "Playchess.com INT"]
[Date "2020.04.15"]
[Round "1"]
[White "Mras, Reiko"]
[Black "Wiedenbruch, Silke"]
[Result "1-0"]
[WhiteElo "1375"]
[BlackElo "1620"]
[PlyCount "87"]
[EventDate "2020.04.15"]
[EventType "swiss (blitz)"]
[EventRounds "9"]
[EventCountry "GER"]
[SourceTitle "CBM 196 Extra"]
[Source "ChessBase"]
[SourceDate "2020.07.31"]
[SourceVersion "1"]
[SourceVersionDate "2020.07.31"]
[SourceQuality "1"]

1. d4 d5 2. c4 e6 3. cxd5 Qxd5 4. Nc3 Qa5 5. Bd2 b5 6. Nf3 b4 7. Ne4 Be7 8. e3 Bb7 9. Bd3 Nd7 10. 0-0 Ngf6 11. Nxf6+ Bxf6 12. a3 Qb6 13. Qa4 Bc6 14. Qxb4 Qxb4 15. Bxb4 Rb8 16. Rac1 Bb5 17. Bxb5 Rxb5 18. Rxc7 a5 19. Bd6 Rxb2 20. Rfc1 Bd8 21. Rc8 Nb6 22. Rb8 h6 23. Kf1 g5 24. Bc7 Ke7 25. Bxb6 Rxb6 26. Rxb6 Bxb6 27. Rc6 Bd8 28. Rc8 Re8 29. Ne5 Kf6 30. Nc6 Kf5 31. Rxd8 Rxd8 32. Nxd8 Kf6 33. Nc6 h5 34. Nxa5 Ke7 35. Ke2 f5 36. Kd3 Kd7 37. Nc4 Kc7 38. a4 Kb7 39. Kc3 Ka6 40. Kb4 g4 41. a5 h4 42. Nb6 h3 43. gxh3 gxh3 44. Nd7 1-0